000
00204nam a22000857a 4500
008
160624b xxu||||| |||| 00| 0 eng d
100
_9
1083
_a
Buck, P.S
245
_a
14 Stories
260
_a
N.Y
_b
Pocket Books
_c
1963
999
_c
869
_d
869